[Event "DEM U16 Oberhof"]
[Site "?"]
[Date "2013.05.24"]
[Round "8.11"]
[White "Bingert, Tim Niklas"]
[Black "Krause, Benedict"]
[Result "1/2-1/2"]
[WhiteElo "2020"]
[BlackElo "2112"]
[PlyCount "95"]
[EventDate "2013.??.??"]

1. e4 c6 2. d4 d5 3. e5 Bf5 4. Be3 e6 5. Nd2 Nd7 6. Ngf3 h6 7. c3 Ne7 8. Be2
Bh7 9. O-O Nf5 10. Ne1 Be7 11. Bf4 O-O 12. Nd3 Qc7 13. g4 Nh4 14. Bg3 c5 15.
Qe1 cxd4 16. cxd4 Qb6 17. Nb3 Bxd3 18. Bxh4 Bxe2 19. Bxe7 Bxf1 20. Bxf8 Bc4 21.
Bc5 Qb5 22. Qa5 Qxa5 23. Nxa5 b6 24. Nxc4 bxc5 25. Na5 cxd4 26. Nc6 Kh7 27. f4
Rc8 28. Nxd4 Rc4 29. Rd1 g5 30. b3 Rc3 31. Nb5 Rc2 32. Nxa7 Rxa2 33. Nc6 Rc2
34. Nd4 Rb2 35. f5 Nxe5 36. fxe6 fxe6 37. Nxe6 Nxg4 38. h3 Nf6 39. Rd3 Kg6 40.
Nc7 Kf5 41. Nxd5 Ke4 42. Nb4 Nh5 43. Rc3 Nf4 44. Kh1 Ne2 45. Rc2 Rb1+ 46. Kh2
Ke3 47. Nd5+ Ke4 48. Rxe2+ 1/2-1/2

[Event "DEM U16 Oberhof"]
[Site "?"]
[Date "2013.05.24"]
[Round "8.13"]
[White "Meyers, Mark"]
[Black "Brodmann, Jasper Leo"]
[Result "1/2-1/2"]
[WhiteElo "1940"]
[BlackElo "1966"]
[PlyCount "66"]
[EventDate "2013.??.??"]

1. c4 c5 2. g3 g6 3. Bg2 Bg7 4. Nc3 Nc6 5. d3 Nf6 6. Nf3 d6 7. Rb1 Bd7 8. a3
Rb8 9. b4 b6 10. O-O O-O 11. Nd5 Nxd5 12. cxd5 Nd4 13. Bb2 Nxf3+ 14. Bxf3 Bxb2
15. Rxb2 Qc7 16. Qd2 cxb4 17. Rc1 Qb7 18. Rxb4 Rbc8 19. Rxc8 Qxc8 20. Re4 e5
21. dxe6 fxe6 22. Rc4 Qb8 23. h4 b5 24. Rc1 Rc8 25. h5 Rxc1+ 26. Qxc1 Qd8 27.
hxg6 hxg6 28. Qf4 Be8 29. Qe4 Qd7 30. Bg4 Bf7 31. d4 d5 32. Qe5 Kh7 33. Qf6 Kg8
1/2-1/2

[Event "DEM U16 Oberhof"]
[Site "?"]
[Date "2013.05.24"]
[Round "8.14"]
[White "Brinkmann, Fabian"]
[Black "Hoffmann, Tim"]
[Result "0-1"]
[WhiteElo "1827"]
[BlackElo "1922"]
[PlyCount "80"]
[EventDate "2013.??.??"]

1. e4 c5 2. Nf3 d6 3. d4 cxd4 4. Nxd4 Nf6 5. Nc3 a6 6. Bg5 e6 7. f4 Be7 8. Qf3
Qc7 9. O-O-O Nbd7 10. g4 h6 11. Bxf6 Bxf6 12. h4 Qb6 13. Nb3 Be7 14. Be2 Nc5
15. g5 Bd7 16. Nd4 O-O-O 17. Qg3 hxg5 18. fxg5 g6 19. Rhf1 Rh7 20. Nb3 Rdh8 21.
Kb1 Bc6 22. Nxc5 Qxc5 23. Bg4 Kb8 24. a3 Ka8 25. b4 Qe5 26. Qxe5 dxe5 27. Be2
b5 28. Kb2 Be8 29. Kb3 Rxh4 30. a4 bxa4+ 31. Nxa4 Rf4 32. Rxf4 exf4 33. Bxa6
Rh3+ 34. Bd3 Bxa4+ 35. Kxa4 Bxg5 36. Kb5 Kb7 37. c4 Bf6 38. Bf1 Rh5+ 39. c5 Kc7
40. Ra1 Bxa1 0-1

[Event "DEM U16 Oberhof"]
[Site "?"]
[Date "2013.05.24"]
[Round "8.15"]
[White "Heldt, Ronny"]
[Black "Knopf, Felix"]
[Result "1/2-1/2"]
[WhiteElo "1858"]
[BlackElo "1852"]
[PlyCount "49"]
[EventDate "2013.??.??"]

1. d4 d5 2. c4 c6 3. Nf3 Nf6 4. e3 e6 5. Nbd2 Nbd7 6. b3 Bd6 7. Bb2 Ne4 8. Bd3
f5 9. O-O O-O 10. Ne5 Nxd2 11. Qxd2 Qh4 12. f4 g5 13. Qf2 Qxf2+ 14. Rxf2 c5 15.
fxg5 cxd4 16. Nxd7 dxe3 17. Nxf8 exf2+ 18. Kxf2 Kxf8 19. cxd5 exd5 20. g3 Kf7
21. Re1 Bd7 22. Be5 Bc5+ 23. Kf1 Rg8 24. Bf4 Bd4 25. Rc1 1/2-1/2

[Event "DEM U16 Oberhof"]
[Site "?"]
[Date "2013.05.25"]
[Round "9.1"]
[White "Lampert, Jonas"]
[Black "Schroeder, Jan-Christian"]
[Result "1-0"]
[WhiteElo "2333"]
[BlackElo "2322"]
[PlyCount "109"]
[EventDate "2013.??.??"]

1. d4 d5 2. c4 e6 3. Nc3 Be7 4. Qc2 Nf6 5. cxd5 exd5 6. Bg5 c6 7. e3 Nbd7 8.
Bd3 Nh5 9. Bxe7 Qxe7 10. Nge2 Nb6 11. O-O g6 12. Rab1 a5 13. Na4 Nxa4 14. Qxa4
Bd7 15. Qc2 O-O 16. Nc3 f5 17. Rbe1 Rae8 18. Ne2 f4 19. exf4 Nxf4 20. Nxf4 Qxe1
21. Rxe1 Rxe1+ 22. Bf1 Rxf4 23. Qd2 Rfe4 24. f3 Re8 25. Kf2 Ra1 26. Qxa5 Rd1
27. Qb4 Bc8 28. h4 Kf7 29. a4 Re7 30. a5 h5 31. Be2 Rh1 32. Bd3 Bf5 33. Bxf5
gxf5 34. Qd2 Rxh4 35. Qg5 Rxd4 36. Qxf5+ Ke8 37. Qxh5+ Kd7 38. Qf5+ Ke8 39. g4
Rd2+ 40. Kg3 Rd1 41. g5 d4 42. g6 Kd8 43. Kf4 Rg1 44. Qf6 c5 45. b4 Rg2 46.
bxc5 d3 47. Qf8+ Kd7 48. a6 d2 49. axb7 Re4+ 50. Kxe4 d1=Q 51. c6+ Kxc6 52.
Qc8+ Kb6 53. b8=Q+ Ka5 54. Qc5+ Ka6 55. Qcb6# 1-0

[Event "DEM U16 Oberhof"]
[Site "?"]
[Date "2013.05.25"]
[Round "9.2"]
[White "Grunau, Christoph"]
[Black "Tennert, Simon"]
[Result "1/2-1/2"]
[WhiteElo "2036"]
[BlackElo "2148"]
[PlyCount "62"]
[EventDate "2013.??.??"]

1. e4 e5 2. Nf3 Nc6 3. Bb5 Nf6 4. O-O Bc5 5. d3 d6 6. Be3 Bb6 7. Nbd2 O-O 8.
Nc4 Ne7 9. Nxb6 axb6 10. d4 Nxe4 11. dxe5 d5 12. Nd2 Nc5 13. Nb3 c6 14. Be2 Na4
15. Rb1 Nf5 16. Bc1 Re8 17. f4 b5 18. c3 Qb6+ 19. Nd4 b4 20. Bd3 bxc3 21. bxc3
Qc5 22. Bxf5 Bxf5 23. Rb3 Be4 24. Be3 Nxc3 25. Qe1 Rxa2 26. Nf3 Bxf3 27. Bxc5
Rxg2+ 28. Kh1 Rf2+ 29. Kg1 Rg2+ 30. Kh1 Re2+ 31. Kg1 Rg2+ 1/2-1/2

[Event "DEM U16 Oberhof"]
[Site "?"]
[Date "2013.05.25"]
[Round "9.3"]
[White "Kvetny, Mark"]
[Black "Yankelevich, Lev"]
[Result "1/2-1/2"]
[WhiteElo "2269"]
[BlackElo "2221"]
[PlyCount "64"]
[EventDate "2013.??.??"]

1. d4 Nf6 2. c4 g6 3. Nc3 Bg7 4. e4 d6 5. Be2 O-O 6. Bg5 h6 7. Bh4 c5 8. d5 Qa5
9. Qd2 a6 10. a4 b5 11. cxb5 axb5 12. Bxb5 Ba6 13. Bxa6 Nxa6 14. Nge2 c4 15.
O-O Nc5 16. Qc2 Rfb8 17. Rfb1 Rb7 18. Ra3 Nb3 19. f3 Nd7 20. Nb5 Qb4 21. Be1
Qc5+ 22. Bf2 Qb4 23. Ned4 Rxa4 24. Rxb3 cxb3 25. Qc8+ Kh7 26. Qxb7 Nc5 27. Qxe7
Qd2 28. Qxf7 Nd3 29. Ne6 Qxf2+ 30. Kh1 Qxb2 31. Nf8+ Kh8 32. Nxg6+ Kh7 1/2-1/2

[Event "DEM U16 Oberhof"]
[Site "?"]
[Date "2013.05.25"]
[Round "9.4"]
[White "Richter, Leonard"]
[Black "Ott, Florian"]
[Result "0-1"]
[WhiteElo "1986"]
[BlackElo "2072"]
[PlyCount "150"]
[EventDate "2013.??.??"]

1. e4 c5 2. Nf3 d6 3. d4 cxd4 4. Nxd4 Nf6 5. Nc3 a6 6. Bg5 e6 7. f4 Qb6 8. Qd2
Qxb2 9. Rb1 Qa3 10. e5 dxe5 11. fxe5 h6 12. Bh4 Nfd7 13. Ne4 Qxa2 14. Rd1 Qd5
15. Qe3 Qxe5 16. Be2 Bc5 17. Bg3 Bxd4 18. Rxd4 Qa5+ 19. Rd2 O-O 20. Bd6 f5 21.
Bxf8 Nxf8 22. Nd6 Nbd7 23. Nc4 Qc7 24. Qf3 Nf6 25. Nd6 Rb8 26. O-O Bd7 27. Bc4
Kh7 28. Qg3 Qc5+ 29. Kh1 Ra8 30. Bb3 Bc6 31. Re1 Ne4 32. Nxe4 Bxe4 33. Red1 Qe7
34. Qe5 Rc8 35. Rd6 Qg5 36. R1d2 Qe3 37. Qd4 Qxd4 38. R6xd4 Kg6 39. Rd6 Kf6 40.
Rd8 Rxd8 41. Rxd8 Ke7 42. Rc8 Bc6 43. Bc4 a5 44. Ra8 a4 45. Ra5 Nd7 46. Kg1 Kd6
47. Kf2 Nf6 48. Be2 Ne4+ 49. Ke3 g5 50. Bf3 g4 51. Bxe4 Bxe4 52. Rxa4 Bxg2 53.
Rd4+ Ke5 54. Ra4 Bd5 55. c3 b5 56. Rd4 h5 57. Rf4 Be4 58. Rf2 h4 59. Rb2 f4+
60. Ke2 Bc6 61. Rb4 g3 62. hxg3 hxg3 63. Kf1 Kf5 64. Kg1 e5 65. c4 bxc4 66.
Rxc4 Be4 67. Rc8 f3 68. Rf8+ Kg4 69. Rd8 Kf4 70. Rd1 Bf5 71. Kh1 e4 72. Rd4 Bg4
73. Rd2 f2 74. Rxf2+ gxf2 75. Kg2 e3 0-1

[Event "DEM U16 Oberhof"]
[Site "?"]
[Date "2013.05.25"]
[Round "9.5"]
[White "Ruff, Maximilian"]
[Black "Bonk, Andras"]
[Result "0-1"]
[WhiteElo "2073"]
[BlackElo "2078"]
[PlyCount "60"]
[EventDate "2013.??.??"]

1. e4 e6 2. d4 d5 3. exd5 exd5 4. Nf3 Bd6 5. c4 dxc4 6. Bxc4 Nf6 7. O-O O-O 8.
Nc3 Bg4 9. h3 Bh5 10. g4 Bg6 11. Ne5 Ne4 12. Nxg6 Nxc3 13. Qf3 hxg6 14. Qxb7
Na4 15. Qxa8 Nb6 16. Qxa7 Nxc4 17. b3 Nb6 18. Qb7 c6 19. a4 Nd5 20. a5 Qh4 21.
Kg2 f5 22. g5 f4 23. f3 Qg3+ 24. Kh1 Qxh3+ 25. Kg1 Qg3+ 26. Kh1 Qh4+ 27. Kg1
Qxg5+ 28. Kh1 Qh4+ 29. Kg1 Qg3+ 30. Kh1 Rf5 0-1

[Event "DEM U16 Oberhof"]
[Site "?"]
[Date "2013.05.25"]
[Round "9.6"]
[White "Mueller, Constantin"]
[Black "Keller, Peter"]
[Result "1-0"]
[WhiteElo "1956"]
[BlackElo "2065"]
[PlyCount "47"]
[EventDate "2013.??.??"]

1. c4 e5 2. g3 Nf6 3. Bg2 Nc6 4. a3 Bc5 5. e3 a6 6. Ne2 Ba7 7. Nbc3 O-O 8. O-O
d6 9. h3 Be6 10. Nd5 e4 11. Nec3 Ne5 12. Nxf6+ Qxf6 13. Nxe4 Qg6 14. d3 f5 15.
Nc3 f4 16. exf4 Nxd3 17. Ne4 Bxc4 18. b3 d5 19. Ng5 h6 20. bxc4 hxg5 21. Bxd5+
Kh8 22. f5 Qxf5 23. Qh5+ Qh7 24. Qxh7+ 1-0

[Event "DEM U16 Oberhof"]
[Site "?"]
[Date "2013.05.25"]
[Round "9.7"]
[White "Kramer, Julian"]
[Black "Krause, Benedict"]
[Result "1/2-1/2"]
[WhiteElo "2133"]
[BlackElo "2112"]
[PlyCount "61"]
[EventDate "2013.??.??"]

1. e4 c5 2. Nf3 e6 3. b3 a6 4. Bb2 Nc6 5. Be2 d6 6. d4 cxd4 7. Nxd4 Bd7 8. O-O
Nf6 9. Bd3 Be7 10. Nxc6 Bxc6 11. Qe2 O-O 12. Nd2 Nd7 13. f4 Nc5 14. Qg4 g6 15.
Rae1 Nxd3 16. cxd3 Bf6 17. Bxf6 Qxf6 18. e5 Qf5 19. Qxf5 gxf5 20. Nc4 dxe5 21.
fxe5 Rad8 22. Nd6 f6 23. d4 fxe5 24. dxe5 Rd7 25. Rf4 Rg7 26. g3 Rg4 27. Rxg4+
fxg4 28. Rf1 Bf3 29. Rc1 Bc6 30. Rc4 h5 31. Rf4 1/2-1/2

[Event "DEM U16 Oberhof"]
[Site "?"]
[Date "2013.05.25"]
[Round "9.8"]
[White "Hoffmann, Tim"]
[Black "Eichstaedt, Mirko"]
[Result "0-1"]
[WhiteElo "1922"]
[BlackElo "1927"]
[PlyCount "88"]
[EventDate "2013.??.??"]

1. e4 e5 2. Nf3 Nc6 3. d4 exd4 4. Nxd4 Nf6 5. Nc3 Bb4 6. Nxc6 bxc6 7. Bd3 d5 8.
exd5 Qe7+ 9. Qe2 Qxe2+ 10. Bxe2 cxd5 11. Bd2 c6 12. O-O-O O-O 13. f3 Re8 14.
Bd3 Be6 15. a3 Bd6 16. Ne2 c5 17. c3 c4 18. Bb1 Bh3 19. Nd4 Bxg2 20. Rhg1 Bh3
21. Bf5 Bxf5 22. Nxf5 Bf8 23. Bg5 Re6 24. Bxf6 Rxf6 25. Rxd5 Rb8 26. Rg2 Rfb6
27. Ne3 Rf6 28. Rf5 Rxf5 29. Nxf5 Rb6 30. Rg4 Rf6 31. Nh4 h5 32. Rxc4 g5 33.
Ng2 Rxf3 34. Rd4 g4 35. Kd1 Rf2 36. Nf4 Rxh2 37. Rd5 Be7 38. Nxh5 Rxb2 39. Rd7
Bh4 40. Rxa7 g3 41. Ra8+ Kh7 42. Nf4 g2 43. Nh3 Rb1+ 44. Kc2 Rh1 0-1

[Event "DEM U16 Oberhof"]
[Site "?"]
[Date "2013.05.25"]
[Round "9.9"]
[White "Bingert, Tim Niklas"]
[Black "Koop, Thorben"]
[Result "1/2-1/2"]
[WhiteElo "2020"]
[BlackElo "2145"]
[PlyCount "98"]
[EventDate "2013.??.??"]

1. e4 c5 2. Nf3 Nc6 3. d4 cxd4 4. Nxd4 e5 5. Nb5 d6 6. N1c3 a6 7. Na3 Be6 8.
Nc4 Rb8 9. Nd5 Bxd5 10. exd5 Nce7 11. g3 f5 12. c3 g6 13. Bg2 Bg7 14. a4 Nf6
15. a5 O-O 16. O-O Qd7 17. Qb3 Kh8 18. Rd1 f4 19. Qa4 Qg4 20. Nxd6 Qh5 21. gxf4
Bh6 22. Rd3 exf4 23. Bxf4 Bxf4 24. Qxf4 Nexd5 25. Bxd5 Nxd5 26. Nf7+ Kg7 27.
Qe5+ Qxe5 28. Nxe5 Nf4 29. Rd7+ Kf6 30. Re1 h5 31. Nd3 Nxd3 32. Rxd3 Rfd8 33.
Rf3+ Kg5 34. Re6 Rg8 35. Rb6 Rg7 36. Kg2 Rd8 37. Rbf6 h4 38. Rf7 Rd7 39. Rxg7
Rxg7 40. Rf8 Rd7 41. b4 Rc7 42. Rf3 Kh5 43. Rd3 Kg5 44. Kf3 Kf5 45. Rd5+ Kf6
46. Rc5 Rxc5 47. bxc5 Kg5 48. h3 Kf5 49. Ke3 Ke5 1/2-1/2

[Event "DEM U16 Oberhof"]
[Site "?"]
[Date "2013.05.25"]
[Round "9.10"]
[White "Oehne, Timo"]
[Black "Kieslich, Aaron"]
[Result "1/2-1/2"]
[WhiteElo "2027"]
[BlackElo "2028"]
[PlyCount "51"]
[EventDate "2013.??.??"]

1. e4 c5 2. Nf3 d6 3. d4 cxd4 4. Nxd4 Nf6 5. Nc3 a6 6. g3 e6 7. Bg2 Qc7 8. O-O
Be7 9. Kh1 O-O 10. f4 Nc6 11. Nxc6 bxc6 12. e5 dxe5 13. fxe5 Qxe5 14. Bf4 Qa5
15. Qe2 Nd5 16. Bd2 Qc7 17. Rae1 Bb7 18. Nxd5 cxd5 19. Bc3 Rad8 20. Rf4 d4 21.
Bxd4 Bxg2+ 22. Qxg2 Bc5 23. Bc3 Rfe8 24. Qf3 e5 25. Rfe4 Qc6 26. Qg2 1/2-1/2

[Event "DEM U16 Oberhof"]
[Site "?"]
[Date "2013.05.25"]
[Round "9.11"]
[White "Walter, Kevin"]
[Black "Hinrichs, Lars"]
[Result "0-1"]
[WhiteElo "1931"]
[BlackElo "1993"]
[PlyCount "150"]
[EventDate "2013.??.??"]

1. e4 e6 2. d4 d5 3. Nc3 Nf6 4. e5 Nfd7 5. f4 c5 6. Nf3 a6 7. Be3 Qb6 8. Na4
Qa5+ 9. Nc3 Nc6 10. Qd2 b5 11. dxc5 Bxc5 12. Nd4 Bb7 13. Nb3 Bxe3 14. Qxe3 Qc7
15. Qg3 g6 16. Bd3 Nb6 17. Qf2 Nc4 18. Bxc4 bxc4 19. Nd4 Rb8 20. Nxc6 Bxc6 21.
O-O Qb6 22. Qxb6 Rxb6 23. Ne2 Rxb2 24. Rfb1 Rxb1+ 25. Rxb1 Kd7 26. Rb6 Ra8 27.
Nd4 Bb5 28. Rb7+ Ke8 29. c3 Bd7 30. Kf2 Kd8 31. Ke3 Kc8 32. Rb2 Kc7 33. Nf3 h6
34. Kd4 Kc6 35. h4 Rg8 36. g3 Ra8 37. Nh2 h5 38. Nf3 Be8 39. Ng5 Rd8 40. Nh7
Rc8 41. Nf6 Rd8 42. g4 hxg4 43. Nxg4 Bd7 44. Nf6 Bc8 45. Rh2 Rh8 46. h5 gxh5
47. Rxh5 Rxh5 48. Nxh5 Bd7 49. Nf6 Bc8 50. Ng4 Bd7 51. Ne3 Be8 52. f5 Bd7 53.
f6 Be8 54. Nc2 a5 55. Ke3 Kb5 56. Kf4 Kc6 57. Nd4+ Kc7 58. Kg5 Kd8 59. Kh6 Kc8
60. Kg7 Kc7 61. Kf8 Kd8 62. a4 Kd7 63. Nb5 Kd8 64. Nd6 d4 65. Nxf7+ Kd7 66. Nd6
dxc3 67. Ne4 c2 68. Nc5+ Kc6 69. Kxe8 c1=Q 70. f7 Qf4 71. Ne4 Qxe4 72. f8=Q
Qxe5 73. Qf3+ Qd5 74. Qe3 Qh5+ 75. Ke7 Qc5+ 0-1

[Event "DEM U16 Oberhof"]
[Site "?"]
[Date "2013.05.25"]
[Round "9.12"]
[White "Scheel, Henrik"]
[Black "Meyers, Mark"]
[Result "1-0"]
[WhiteElo "1746"]
[BlackElo "1940"]
[PlyCount "91"]
[EventDate "2013.??.??"]

1. d4 Nf6 2. c4 e6 3. Nc3 Bb4 4. Qc2 b6 5. e4 Bb7 6. Bd3 Nc6 7. Nf3 e5 8. dxe5
Ng4 9. Bg5 Nd4 10. Bxd8 Nxc2+ 11. Bxc2 Rxd8 12. h3 Nh6 13. O-O-O Bxc3 14. bxc3
Ng8 15. Nd4 a6 16. Ba4 c6 17. Nf5 Kf8 18. Rd6 Ne7 19. Rhd1 Nxf5 20. exf5 Ke8
21. e6 fxe6 22. fxe6 Rf8 23. Rxd7 Rxd7 24. Rxd7 Bc8 25. Ra7 Bxe6 26. Bxc6+ Kd8
27. Ra8+ Ke7 28. Rxf8 Kxf8 29. Bd5 Bf5 30. Kd2 Ke7 31. Ke3 h6 32. Kd4 Kd6 33.
Be4 Be6 34. f4 h5 35. f5 Bd7 36. g4 h4 37. Bd5 Ba4 38. Ke4 Bc2+ 39. Kf4 Bd3 40.
Kg5 Bf1 41. Kxh4 a5 42. Kg5 Bxh3 43. Kf4 Bf1 44. g5 b5 45. f6 gxf6 46. g6 1-0

[Event "DEM U16 Oberhof"]
[Site "?"]
[Date "2013.05.25"]
[Round "9.13"]
[White "Sabirov, Ramil"]
[Black "Knopf, Felix"]
[Result "0-1"]
[WhiteElo "1900"]
[BlackElo "1852"]
[PlyCount "54"]
[EventDate "2013.??.??"]

1. d4 d5 2. c4 c6 3. cxd5 cxd5 4. Bf4 Nf6 5. Nc3 Nc6 6. e3 e6 7. a3 Be7 8. Bd3
O-O 9. Nge2 a6 10. O-O b5 11. b4 Bd7 12. Qd2 a5 13. Nxb5 axb4 14. a4 Na5 15.
Bc7 Qc8 16. Bxa5 Rxa5 17. Qb2 Qa6 18. f3 Ra8 19. Nf4 Qb6 20. Qb3 Ne8 21. Qc2 h6
22. Rfb1 Nd6 23. Rxb4 Nxb5 24. Rbb1 Qa7 25. Bh7+ Kh8 26. Bg6 Be8 27. Nxe6 fxg6
0-1

[Event "DEM U16 Oberhof"]
[Site "?"]
[Date "2013.05.25"]
[Round "9.14"]
[White "Brodmann, Jasper Leo"]
[Black "Mueller, Max"]
[Result "1/2-1/2"]
[WhiteElo "1966"]
[BlackElo "1733"]
[PlyCount "45"]
[EventDate "2013.??.??"]

1. e4 c5 2. Nf3 d6 3. d4 cxd4 4. Nxd4 Nf6 5. Nc3 a6 6. f4 g6 7. Bd3 Bg7 8. Nf3
Nc6 9. O-O O-O 10. Kh1 b5 11. a3 Bg4 12. h3 Bxf3 13. Qxf3 Rc8 14. Qf2 Nd7 15.
f5 Nce5 16. Bg5 Bf6 17. Bxf6 Nxf6 18. g4 g5 19. Qe3 h6 20. Be2 Kh7 21. Rf2 Qc7
22. Qg3 Qc6 23. Bd3 1/2-1/2

[Event "DEM U16 Oberhof"]
[Site "?"]
[Date "2013.05.25"]
[Round "9.15"]
[White "Brinkmann, Fabian"]
[Black "Heldt, Ronny"]
[Result "1/2-1/2"]
[WhiteElo "1827"]
[BlackElo "1858"]
[PlyCount "41"]
[EventDate "2013.??.??"]

1. e4 e6 2. d4 d5 3. Nc3 Nf6 4. Bg5 dxe4 5. Nxe4 Nbd7 6. Nf3 h6 7. Nxf6+ Nxf6
8. Bh4 c5 9. dxc5 Bxc5 10. Qxd8+ Kxd8 11. Rd1+ Ke7 12. Ne5 g5 13. Bg3 Ne4 14.
Be2 h5 15. Bf3 Nf6 16. h3 a5 17. a4 Ra6 18. Be2 Ra8 19. Bf3 Ra6 20. Be2 Ra8 21.
Bf3 1/2-1/2

[Event "DEM U16w Oberhof"]
[Site "?"]
[Date "2013.05.19"]
[Round "2.1"]
[White "Gassmann, Linda"]
[Black "Bluhm, Sonja Maria"]
[Result "1/2-1/2"]
[WhiteElo "1784"]
[BlackElo "2030"]
[PlyCount "51"]
[EventDate "2013.??.??"]

1. d4 Nf6 2. c4 g6 3. Nc3 Bg7 4. e4 d6 5. f4 O-O 6. Nf3 c5 7. dxc5 dxc5 8. Qxd8
Rxd8 9. e5 Ne8 10. Be3 b6 11. Be2 Nc6 12. Kf2 f6 13. exf6 Nxf6 14. h3 Bf5 15.
Rad1 h6 16. Rxd8+ Rxd8 17. Rd1 Ne4+ 18. Nxe4 Bxe4 19. Rxd8+ Nxd8 20. Ne5 g5 21.
Bf3 Bxe5 22. fxe5 Bb1 23. a3 Bd3 24. b3 Kg7 25. Bd2 a6 26. Ke3 1/2-1/2

[Event "DEM U16w Oberhof"]
[Site "?"]
[Date "2013.05.19"]
[Round "2.2"]
[White "Heinemann, Josefine"]
[Black "Weber, Sandra"]
[Result "1-0"]
[WhiteElo "1970"]
[BlackElo "1766"]
[PlyCount "89"]
[EventDate "2013.??.??"]

1. e4 c5 2. Nf3 Nc6 3. d4 cxd4 4. Nxd4 g6 5. c4 Bg7 6. Nc2 Nf6 7. Nc3 d6 8. Be2
O-O 9. O-O Nd7 10. Bd2 Nc5 11. b4 Bxc3 12. Bxc3 Nxe4 13. Bb2 Be6 14. b5 Ne5 15.
f4 Nd7 16. Nd4 Qb6 17. Kh1 Ndc5 18. f5 Bd7 19. Rc1 Rac8 20. Qe1 e5 21. Qh4 exd4
22. f6 Ne6 23. Qxe4 Rfe8 24. Qh4 Qc5 25. Bg4 h5 26. Bxe6 Rxe6 27. Bxd4 Qa3 28.
Qg5 Kh7 29. g4 Qd3 30. Rf4 Rxc4 31. Rxc4 Qxc4 32. gxh5 Re1+ 33. Bg1 Bc6+ 34.
bxc6 Qxc6+ 35. Qg2 g5 36. Qxc6 bxc6 37. Ra4 d5 38. Rxa7 d4 39. Rxf7+ Kg8 40.
Rd7 c5 41. Kg2 Re4 42. h6 Rh4 43. h7+ Rxh7 44. Rxh7 Kxh7 45. a4 1-0

[Event "DEM U16w Oberhof"]
[Site "?"]
[Date "2013.05.19"]
[Round "2.3"]
[White "Siegl, Melina"]
[Black "Schaefer, Annabelle"]
[Result "1/2-1/2"]
[WhiteElo "1773"]
[BlackElo "1957"]
[PlyCount "51"]
[EventDate "2013.??.??"]

1. e4 c5 2. Nf3 Nc6 3. d4 cxd4 4. Nxd4 Nf6 5. Nc3 e5 6. Ndb5 d6 7. Nd5 Nxd5 8.
exd5 Ne7 9. c4 Ng6 10. Be2 Be7 11. Be3 a6 12. Nc3 O-O 13. O-O Bg5 14. Bxg5 Qxg5
15. Ne4 Qd8 16. b4 f5 17. Nc3 Nf4 18. Kh1 Rf6 19. g3 Rh6 20. Rg1 Nh3 21. Rg2
Qb6 22. Qe1 Qxb4 23. Rb1 Qa5 24. Bf1 Qc7 25. f4 Bd7 26. Rgb2 1/2-1/2

[Event "DEM U16w Oberhof"]
[Site "?"]
[Date "2013.05.19"]
[Round "2.4"]
[White "Schwarz, Larissa"]
[Black "Fesselier, Melissa"]
[Result "1-0"]
[WhiteElo "1943"]
[BlackElo "1738"]
[PlyCount "77"]
[EventDate "2013.??.??"]

1. e4 c5 2. Nf3 e6 3. d4 cxd4 4. Nxd4 Nc6 5. Nc3 a6 6. Nxc6 bxc6 7. Bd3 Qc7 8.
O-O Nf6 9. Re1 d5 10. Bg5 Be7 11. e5 Nd7 12. Bxe7 Kxe7 13. Qg4 h6 14. Qxg7 Bb7
15. Bg6 Rhf8 16. Rad1 Ke8 17. Bh5 Qd8 18. Rd3 Qg5 19. Qxg5 hxg5 20. Rg3 Rg8 21.
h4 Ke7 22. hxg5 Rh8 23. Rh3 c5 24. Bg4 d4 25. Rxh8 Rxh8 26. Ne4 Nxe5 27. Bxe6
fxe6 28. Nxc5 Bd5 29. Rxe5 Rc8 30. b4 a5 31. a3 Kd6 32. f4 axb4 33. axb4 Rf8
34. Nd3 Rc8 35. Re2 Ba2 36. Kf2 Rc3 37. g4 Bc4 38. f5 e5 39. g6 1-0

[Event "DEM U16w Oberhof"]
[Site "?"]
[Date "2013.05.19"]
[Round "2.5"]
[White "Bosse, Lea"]
[Black "Zahn, Alina"]
[Result "0-1"]
[WhiteElo "1604"]
[BlackElo "1935"]
[PlyCount "42"]
[EventDate "2013.??.??"]

1. e4 e5 2. Nf3 Nc6 3. d4 exd4 4. Bc4 Nf6 5. e5 d5 6. Bb5 Ne4 7. Nxd4 Bd7 8.
Bxc6 bxc6 9. Be3 Bc5 10. Nd2 Nxd2 11. Qxd2 O-O 12. O-O Qe7 13. Nb3 Bb6 14. Qc3
Rfe8 15. f4 Bf5 16. Bxb6 cxb6 17. Qxc6 Rac8 18. Qxd5 Red8 19. Qf3 Rxc2 20. Rf2
Rd3 21. Qa8+ Rc8 0-1

[Event "DEM U16w Oberhof"]
[Site "?"]
[Date "2013.05.19"]
[Round "2.6"]
[White "Diederichs, Luise"]
[Black "Srokovskiy, Andrea"]
[Result "1/2-1/2"]
[WhiteElo "1906"]
[BlackElo "1767"]
[PlyCount "55"]
[EventDate "2013.??.??"]

1. e4 c5 2. Nf3 a6 3. d4 cxd4 4. Nxd4 Nf6 5. Bd3 e5 6. Ne2 b6 7. Nbc3 Bb4 8. a3
Be7 9. Ng3 O-O 10. Nf5 d6 11. Nxe7+ Qxe7 12. Bg5 Nbd7 13. Nd5 Qd8 14. Qf3 h6
15. Nxf6+ Nxf6 16. Bxf6 Qxf6 17. Qxf6 gxf6 18. O-O-O Bb7 19. Rhe1 b5 20. Re3
Kh7 21. Be2 Rad8 22. Bg4 d5 23. Bf5+ Kg7 24. Red3 d4 25. Rg3+ Kh8 26. Rh3 Kg7
27. Rg3+ Kh8 28. Rh3 1/2-1/2

[Event "DEM U16w Oberhof"]
[Site "?"]
[Date "2013.05.19"]
[Round "2.8"]
[White "Bork, Sophie"]
[Black "Hartewig, Anja"]
[Result "1/2-1/2"]
[WhiteElo "1434"]
[BlackElo "1809"]
[PlyCount "83"]
[EventDate "2013.??.??"]

1. e4 d6 2. d4 Nf6 3. Nc3 g6 4. f4 Bg7 5. a3 O-O 6. Nf3 c5 7. dxc5 dxc5 8. Qxd8
Rxd8 9. e5 Nd5 10. Nxd5 Rxd5 11. Be3 b6 12. Bd3 Bb7 13. O-O-O Nc6 14. Be4 Rdd8
15. Rhe1 h6 16. h4 Rab8 17. Rxd8+ Rxd8 18. h5 gxh5 19. Rh1 Rd7 20. Rxh5 a6 21.
g4 Rc7 22. g5 hxg5 23. Nxg5 Bc8 24. Bd5 e6 25. Be4 Na5 26. b3 b5 27. Kb1 Bb7
28. Bh7+ Kf8 29. b4 cxb4 30. axb4 Nc4 31. Bc5+ Ke8 32. Kc1 Bf8 33. Bxf8 Kxf8
34. Bd3 Bd5 35. Nh7+ Ke7 36. Nf6 Ne3 37. Rh8 Bc6 38. Be4 Bd7 39. Ng8+ Ke8 40.
Nf6+ Ke7 41. Ng8+ Ke8 42. Nf6+ 1/2-1/2

[Event "DEM U16w Oberhof"]
[Site "?"]
[Date "2013.05.19"]
[Round "2.9"]
[White "Koch, Elisabeth"]
[Black "Schlichter, Lisa"]
[Result "1-0"]
[WhiteElo "1732"]
[BlackElo "1659"]
[PlyCount "91"]
[EventDate "2013.??.??"]

1. e4 c5 2. Nf3 Nc6 3. Bc4 g6 4. c3 Bg7 5. d3 Nf6 6. O-O O-O 7. Nbd2 d5 8. Bb3
b5 9. Re1 c4 10. exd5 cxb3 11. dxc6 bxa2 12. Nd4 b4 13. Rxa2 Nd5 14. c4 Bxd4
15. cxd5 Qxd5 16. Qb3 Qxc6 17. Qxb4 Bc5 18. Qc3 Qd5 19. Ra5 Bb7 20. Ne4 Bd4 21.
Qb4 Qd7 22. Bh6 Rfc8 23. Nc5 Bxc5 24. Rxc5 Rxc5 25. Qxc5 Qd6 26. Qe3 Re8 27.
Qxa7 Bc6 28. Qe3 Bb5 29. d4 Bc4 30. Bf4 Qd7 31. Rc1 Be6 32. Bh6 Qd5 33. Rc5 Qd6
34. d5 Bf5 35. Qc3 f6 36. Qc4 Kh8 37. g4 Bd7 38. g5 Ra8 39. gxf6 Qxf6 40. Qc3
Qxc3 41. Rxc3 Rb8 42. Rc7 Bf5 43. Rxe7 Rd8 44. d6 Kg8 45. Bf4 Bd7 46. Be5 1-0

[Event "DEM U16w Oberhof"]
[Site "?"]
[Date "2013.05.19"]
[Round "2.10"]
[White "Mao, Yvonne"]
[Black "Lemke, Berfin"]
[Result "1/2-1/2"]
[WhiteElo "1310"]
[BlackElo "1574"]
[PlyCount "87"]
[EventDate "2013.??.??"]

1. e4 c5 2. Nf3 d6 3. d4 cxd4 4. Nxd4 Nf6 5. f3 a6 6. c4 e6 7. Nc3 b6 8. Be2
Bb7 9. Nc2 Nc6 10. O-O g6 11. Bg5 Bg7 12. Qd2 Qe7 13. Be3 Qc7 14. Rad1 Nd7 15.
Qxd6 Qxd6 16. Rxd6 Bxc3 17. bxc3 Ke7 18. Rfd1 Rhd8 19. Nb4 Rac8 20. Nxc6+ Bxc6
21. c5 Ba4 22. Bxa6 Bxd1 23. Bxc8 Nxc5 24. Rxd8 Kxd8 25. Bxc5 bxc5 26. Ba6 Ba4
27. c4 Kc7 28. Bb5 Bc2 29. Kf2 Kb6 30. a3 Ka5 31. Ke3 Ba4 32. Kd3 e5 33. Kc3 f5
34. Bxa4 Kxa4 35. Kb2 h6 36. h4 f4 37. Ka2 h5 38. Kb2 Ka5 39. Kb3 Kb6 40. a4
Ka5 41. Ka3 Kb6 42. Kb2 Ka5 43. Kb3 Kb6 44. a5+ 1/2-1/2

[Event "DEM U16w Oberhof"]
[Site "?"]
[Date "2013.05.19"]
[Round "2.11"]
[White "Paliy, Margaryta"]
[Black "Kovac, Laura"]
[Result "0-1"]
[WhiteElo "1676"]
[BlackElo "1362"]
[PlyCount "68"]
[EventDate "2013.??.??"]

1. Nf3 c5 2. c4 g6 3. Nc3 Bg7 4. g3 e6 5. Bg2 a6 6. O-O Ne7 7. d3 O-O 8. Bf4
Nbc6 9. Qd2 d5 10. cxd5 exd5 11. Bh6 d4 12. Bxg7 Kxg7 13. Ne4 b6 14. Qc2 Nb4
15. Qd1 Bb7 16. a3 Nbd5 17. Ned2 Nf5 18. Nc4 Re8 19. Re1 f6 20. Qc1 Qc7 21. e3
b5 22. e4 bxc4 23. exf5 cxd3 24. fxg6 hxg6 25. Rxe8 Rxe8 26. Nxd4 Qa5 27. Nf3
Nf4 28. b4 Ne2+ 29. Kf1 Nxc1 30. bxa5 Nb3 31. Rb1 Bxf3 32. Rxb3 c4 33. Rc3
Bxg2+ 34. Kxg2 d2 0-1